चम्बल में मंगलः (नाटक-संग्रह) / (Record no. 11596)

MARC details
000 -LEADER
fixed length control field 01218 a2200241 4500
005 - DATE AND TIME OF LATEST TRANSACTION
control field 20080825172250.0
008 - FIXED-LENGTH DATA ELEMENTS--GENERAL INFORMATION
fixed length control field 080825t xxu||||| |||| 00| 0 hin d
010 ## - LIBRARY OF CONGRESS CONTROL NUMBER
LC control number HIN-83067
020 ## - INTERNATIONAL STANDARD BOOK NUMBER
Terms of availability 100.00
International Standard Book Number 9788190229937
035 ## - SYSTEM CONTROL NUMBER
System control number HN-55413
037 ## - SOURCE OF ACQUISITION
Source of stock number/acquisition पु.प्र.अ.प्र / प्रका
082 ## - DEWEY DECIMAL CLASSIFICATION NUMBER
Classification number 822
100 ## - MAIN ENTRY--PERSONAL NAME
Personal name महावीर प्रसाद सिंह 'माधव'
245 ## - TITLE STATEMENT
Title चम्बल में मंगलः (नाटक-संग्रह) /
Statement of responsibility, etc महावीर प्रसाद सिंह 'माधव'
246 ## - VARYING FORM OF TITLE
Title proper/short title Chambal mein Mangal
Remainder of title by Mahavir Prasad Singh ' Madhav'
260 ## - PUBLICATION, DISTRIBUTION, ETC. (IMPRINT)
Place of publication, distribution, etc दिल्ली
Name of publisher, distributor, etc प्रकाश एण्ड संस
Date of publication, distribution, etc 2007
270 ## - ADDRESS
Address बी-203, चन्दू नगर करावल नगर रोड़
City दिल्ली
Postal code 110094
300 ## - PHYSICAL DESCRIPTION
Extent 72पृ
Dimensions 22 सेमी (सजिल्द)
650 ## - SUBJECT ADDED ENTRY--TOPICAL TERM
Topical term or geographic name as entry element हिन्दी नाटक
650 ## - SUBJECT ADDED ENTRY--TOPICAL TERM
Topical term or geographic name as entry element Hindi Novel
942 ## - ADDED ENTRY ELEMENTS (KOHA)
Institution code [OBSOLETE] dpl
Koha item type Hindi Books
Call number prefix 822 / महावी
Source of classification or shelving scheme Dewey Decimal Classification
Classification part 822
Call number suffix महावी
Holdings
Withdrawn status Lost status Damaged status Not for loan Home library Current library Date acquired Cost, normal purchase price Total Checkouts Full call number Barcode Date last seen Copy number Uniform Resource Identifier Cost, replacement price Price effective from Koha item type
        D.B.Act.Division D.B.Act.Division   100.00   822 महावी HN-55413 15/09/2008 1 12710 100.00 15/09/2008 Hindi Books

© Delhi Public Library
Hit Counter
free hit counter